Statistics for The 1975 - Tonight (I Wish I Was Your Boy)

Click here to take the quiz!

General Stats

  • This quiz has been taken 11 times
  • The average score is 296 of 336

Answer Stats

Answer% Correct
a
100%
away
100%
boy
100%
from
100%
fucked
100%
(I
100%
I
100%
"I
100%
I'll
100%
in
100%
it
100%
me)
100%
me
100%
minute
100%
my
100%
name
100%
name"
100%
not
100%
pain
100%
royally
100%
(Run
100%
run
100%
stop
100%
take
100%
think
100%
This
100%
this
100%
to
100%
Tonight
100%
tonight
100%
was
100%
wish
100%
with
100%
you
100%
your
100%
again
75%
all
75%
and
75%
And
75%
be
75%
can
75%
Change
75%
few
75%
for
75%
Funny
75%
game
75%
give
75%
Give
75%
guess
75%
heart's
75%
her
75%
how
75%
How
75%
if
75%
innit?
75%
instead
75%
just
75%
mind
75%
mine?"
75%
myself
75%
new
75%
of
75%
on
75%
once
75%
out
75%
Runnin'
75%
runnin'
75%
said
75%
Say
75%
See
75%
She
75%
should
75%
so
75%
"Some
75%
still
75%
sure
75%
the
75%
things
75%
time
75%
train
75%
try"
75%
win
75%
won't
75%
works
75%
you're
75%
yours
75%
yourself
75%
about
50%
awake
50%
been
50%
But
50%
complain
50%
couldn't
50%
dream
50%
fame
50%
far
50%
have
50%
Have
50%
it's
50%
I've
50%
lie
50%
life
50%
many
50%
nearly
50%
over
50%
place
50%
playing
50%
real
50%
rigged
50%
seems
50%
Sunday's
50%
Tell
50%
tell
50%
that
50%
"They
50%
times
50%
told
50%
too
50%
Too
50%
visualise
50%
voice
50%
their
25%
Unfortunately
25%

Score Distribution

Percentile by Number Answered

Percent of People with Each Score

Your Score History

You have not taken this quiz